MARC details
| 000 -CABECERA |
| campo de control de longitud fija |
01672nam a2200265 a 4500 |
| 001 - NÚMERO DE CONTROL |
| campo de control |
000027356 |
| 005 - FECHA Y HORA DE LA ÚLTIMA TRANSACCIÓN |
| campo de control |
20200930030757.0 |
| 008 - DATOS DE LONGITUD FIJA--INFORMACIÓN GENERAL |
| campo de control de longitud fija |
100407s1948 dr 001 0 spa d |
| 040 ## - FUENTE DE LA CATALOGACIÓN |
| Centro catalogador/agencia de origen |
DO-SdBNP |
| Lengua de catalogación |
spa |
| Centro/agencia transcriptor |
BNPHU |
| 082 ## - NÚMERO DE LA CLASIFICACIÓN DECIMAL DEWEY |
| Número de clasificación |
972.93 |
| Número de documento/Ítem |
P349r |
| 049 ## - FONDOS LOCALES (OCLC) |
| Fondos de biblioteca |
BNPD |
| 100 1# - ENTRADA PRINCIPAL--NOMBRE DE PERSONA |
| Nombre de persona |
Peña Batlle, Manuel Arturo, |
| Fechas asociadas al nombre |
1902-1954 |
| 9 (RLIN) |
22838 |
| 245 13 - MENCIÓN DE TÍTULO |
| Título |
La rebelión del Bahoruco / |
| Mención de responsabilidad, etc. |
Manuel Arturo Peña Batlle. |
| 260 ## - PUBLICACIÓN, DISTRIBUCIÓN, ETC. |
| Lugar de publicación, distribución, etc. |
Ciudad Trujillo, República Dominicana : |
| Nombre del editor, distribuidor, etc. |
Impresora Dominicana, |
| Fecha de publicación, distribución, etc. |
1948. |
| 300 ## - DESCRIPCIÓN FÍSICA |
| Extensión |
257 p. ; |
| Dimensiones |
21 cm. |
| 500 ## - NOTA GENERAL |
| Nota general |
Incluye datos biográficos del autor en las solapas de la cubierta. |
| 504 ## - NOTA DE BIBLIOGRAFÍA, ETC. |
| Nota de bibliografía, etc. |
Incluye bibliografía y notas al pie de páginas. |
| 505 0# - NOTA DE CONTENIDO CON FORMATO |
| Información miscelánea |
Presentación / |
| Título |
Enriquillo y Boyá / |
| Mención de responsabilidad |
Fray Cipriano de Utrera -- |
| Título |
Una carta de Enriquillo / |
| Mención de responsabilidad |
Emilio Rodríguez Demorizi -- |
| Título |
La rebelión del Bahoruco / |
| Información miscelánea |
Apéndice: |
| Título |
Instrucción de gobierno a los Jerónimos -- |
| -- |
Relación testimoniada del asiento que se ha tomado con el capitán Francisco de Barrionuevo para ir a la paz y quietud de los indio de las Sierras del Baraisco en el distrito de la Audiencia de Santo Domingo, año 1533 -- |
| Información miscelánea |
Bibliografía -- |
| 600 14 - PUNTO DE ACCESO ADICIONAL DE MATERIA--NOMBRE DE PERSONA |
| Nombre de persona |
CIPRIANO DE UTRERA, |
| Títulos y otros términos asociados al nombre |
FRAY, |
| Fechas asociadas al nombre |
1886-1958 |
| Título de la obra |
ENRIQUILLO Y BOYÁ |
| Subdivisión general |
CRÍTICA E INTERPRETACIÓN |
| 9 (RLIN) |
38873 |
| 600 14 - PUNTO DE ACCESO ADICIONAL DE MATERIA--NOMBRE DE PERSONA |
| Nombre de persona |
ENRIQUILLO, |
| Títulos y otros términos asociados al nombre |
CACIQUE, |
| Fechas asociadas al nombre |
1503-1535 |
| Subdivisión general |
CRÍTICA E INTERPRETACIÓN |
| 9 (RLIN) |
38874 |
| 650 #4 - PUNTO DE ACCESO ADICIONAL DE MATERIA--TÉRMINO DE MATERIA |
| Término de materia o nombre geográfico como elemento de entrada |
Trato a los indígenas |
| Subdivisión geográfica |
República Dominicana |
| Subdivisión general |
Ensayos, conferencias, etc. |
| 9 (RLIN) |
38875 |
| 650 #4 - PUNTO DE ACCESO ADICIONAL DE MATERIA--TÉRMINO DE MATERIA |
| Término de materia o nombre geográfico como elemento de entrada |
Indígenas de república dominicana |
| Subdivisión general |
Condiciones sociales |
| -- |
Ensayos, conferencias, etc. |
| 9 (RLIN) |
38876 |
| 651 #4 - PUNTO DE ACCESO ADICIONAL DE MATERIA--NOMBRE GEOGRÁFICO |
| Nombre geográfico |
República Dominicana |
| Subdivisión general |
Historia |
| Subdivisión cronológica |
COLONIA, 1503-1795 |
| Subdivisión general |
Ensayos, Conferencias, Etc. |
| 9 (RLIN) |
38877 |
| 910 ## - DATOS DE OPCIÓN DEL USUARIO (OCLC) |
| Datos de opción del usuario |
Validado. Control de calidad |